La novena generación /

Guardat en:
Dades bibliogràfiques
Autor principal: Peña, Alfonso
Format: Desconegut
Idioma:Spanish
Publicat: San José, Costa Rica : Premia Editores, 1997.
Matèries:
Etiquetes: Afegir etiqueta
Sense etiquetes, Sigues el primer a etiquetar aquest registre!

MARC

LEADER 000000000a22000000004500
001 003703
020 |a 9977968039 
041 0 |a spa 
082 0 4 |a CR863.44   |b P419no 
100 1 |a Peña, Alfonso 
245 1 3 |a La novena generación /   |c Alfonso Peña. 
260 1 |a San José, Costa Rica :   |b Premia Editores,   |c 1997. 
300 |a 144 páginas ;   |c 21 cm. 
650 4 |a LITERATURA COSTARRICENSE 
650 4 |a  RELATOS 
999 |c 10170  |d 10170 
942 |c BK  |h CR863.44 P419no  |2 z